National Implementation Plan for the Stockholm Convention on Persistent Organic Pollutants/ (Record no. 6723)

MARC details
000 -LEADER
fixed length control field 00438nam a22001097a 4500
008 - FIXED-LENGTH DATA ELEMENTS--GENERAL INFORMATION
fixed length control field 200324b ||||| |||| 00| 0 eng d
245 ## - TITLE STATEMENT
Title National Implementation Plan for the Stockholm Convention on Persistent Organic Pollutants/
Statement of responsibility, etc. Vice President's Office Division of Environment.-
Medium English.
260 ## - PUBLICATION, DISTRIBUTION, ETC. (IMPRINT)
Place of publication, distribution, etc. Dar Es Salaam:
Name of publisher, distributor, etc. Vice President's Office,
Date of publication, distribution, etc. 2008.
300 ## - PHYSICAL DESCRIPTION
Extent xxviii, 306p;
Other physical details ill;
Dimensions 26cm.-
650 ## - SUBJECT ADDED ENTRY--TOPICAL TERM
Source of heading or term ENVIRONMENT
942 ## - ADDED ENTRY ELEMENTS (KOHA)
Source of classification or shelving scheme Dewey Decimal Classification
Koha item type BOOKS

No items available.

IRDP © 2021 :: Managed by ICT Team